Rihanna - Tous les albums - Statistiques

Statistiques générales
  • Ce quiz a été pris 68 fois
  • Le résultat moyen est 6 sur 8
Statistiques - réponses
Années Albums % Correct
2016 Anti
94%
2007 Good Girl Gone Bad
86%
2005 Music Of The Sun
82%
2010 Loud
80%
2009 Rated R
76%
2012 Unapologetic
73%
2011 Talk That Talk
71%
2006 A Girl Like Me
63%
Aucun quiz correspondant
Distribution des résultats
% des personnes avec chaque résultat
Percentile par nombre de réponses
Votre historique - résultats
Vous n’avez pas pris ce quiz